Decreto sobre los medios de comunicación social: promulgado por S.S. Paulo VI en la sesión pública del 4 de diciembre de 1963 del Concilio Ecuménico Vaticano II

Gardado en:
Detalles Bibliográficos
Autor Principal: Pablo VI (Paulo VI), Papa (autor)
Formato: Libro
Idioma:Lingua castelá
Publicado: Santiago Paulinas 1964
Series:Magisterium
Subjects:
Tags: Engadir etiqueta
Sen Etiquetas, Sexa o primeiro en etiquetar este rexistro!

MARC

LEADER 00000cam a2200000 a 4500
001 UCU1102
003 CL-VaPUC
008 960329e19640000CL |||||||||||||||||spa|d
082 0 4 |a 261.52  |b PAB  |2 21 
100 |a Pablo VI  |q (Paulo VI),  |c Papa  |e autor  |9 476995 
245 1 0 |a Decreto sobre los medios de comunicación social: promulgado por S.S. Paulo VI en la sesión pública del 4 de diciembre de 1963 del Concilio Ecuménico Vaticano II 
300 |a 21 p 
942 |c BK 
945 |d 19960329 00:00:00  |a lriquelm 
260 |a Santiago  |b Paulinas  |c 1964 
650 0 |a Medios de comunicación de masas  |9 257273 
650 7 |a IGLESIA Y EDUCACION  |2 CL-VaPUC  |9 307850 
650 0 |a Catolicismo  |9 258690 
650 0 |a Educación moral  |9 308319 
583 |a last modification  |c 20160726 01:41:24  |k Rodrigo Vera 
490 0 |a Magisterium 
999 |c 245848  |d 245846 
952 |0 0  |1 0  |4 0  |6 261_520000000000000_PAB_1964  |7 0  |8 A  |9 260456  |a BIBTEO  |b BIBTEO  |d 2019-11-19  |i 2094509  |o 261.52 PAB 1964  |p 2094509  |r 2025-01-17  |w 2019-11-19  |y BK  |k ICR 
952 |0 0  |1 0  |4 0  |6 261_520000000000000_PAB_1964  |7 0  |8 A  |9 260457  |a BIBTEO  |b BIBTEO  |d 2019-11-19  |i 4244117  |o 261.52 PAB 1964  |p 4244117  |r 2025-01-17  |w 2019-11-19  |y BK  |k ICR 
952 |0 0  |1 0  |4 0  |6 261_520000000000000_PAB_1964  |7 0  |8 X  |9 260458  |a FDOBUD  |b FDOBUD  |d 2019-11-19  |i 4596005  |o 261.52 PAB 1964  |p 4596005  |r 2019-11-19  |w 2019-11-19  |y BK_X  |k BUD 
952 |0 0  |1 0  |3 erb  |4 0  |6 261_520000000000000_PAB_1964  |7 0  |8 A  |9 260459  |a BIBTEO  |b BIBTEO  |e Villagrán Garnham, Jorge  |i 531769K  |o 261.52 PAB 1964  |p 531769K  |r 2025-01-17  |w 2019-11-19  |y BK  |z Catalogado en:20160731  |k ICR